Normal view
MARC view
Entry Personal Name
001 - CONTROL NUMBER
- control field: 57940
003 - CONTROL NUMBER IDENTIFIER
- control field: OSt
005 - DATE AND TIME OF LATEST TRANSACTION
- control field: 20160518133412.0
008 - FIXED-LENGTH DATA ELEMENTS
- fixed length control field: 160518|| aca||aabn | a|a d
040 ## - CATALOGING SOURCE
- Original cataloging agency: OSt
- Transcribing agency: OSt
100 ## - HEADING--PERSONAL NAME
- Personal name: व्यास, रेखा
670 ## - SOURCE DATA FOUND
- Source citation: Work cat.: (OSt)47935: व्यास, रेखा , जश्न जीत का , 2012









